00827 2200313 4500001002100000005001500021035002000036007000300056008004100059020002200100082000800122084001400130100002000144245011000164250001100274260003800285300003100323650001800354700001300372700001900385520003000404520001300434990001100447990001100458990001100469990001100480990001100491990001100502INLIS00000000000440120191111021913 a0010-1119000028ta191111 g 0 ind  a978-602-0869-90-2 a909 a909 HUT w0 aHUTTON, Webster1 aWorld History :bSejarah Dunia Lengkap /cHutton Webster; penerjemah, Sutrisno; penyunting, Ribut Wahyudi acet. 2 aYogyakarta :bIndoliterasi,c2017 a731 hlm. :bilus. ;c23 cm 4aSEJARAH. DUNI0 aSUTRISNO0 aRIBUT, Wahyudi ajudul asli: World History alampiran a7116 a a7116 b a7116 b a7116 a a7116 a a7116 b